Private financial institutions; (Registro nro. 12039)
[ vista simple ]
| 000 -LEADER | |
|---|---|
| fixed length control field | 01478cam a22002531 4500 |
| 003 - CONTROL NUMBER IDENTIFIER | |
| control field | OSt |
| 005 - DATE AND TIME OF LATEST TRANSACTION | |
| control field | 20210728093542.0 |
| 008 - FIXED-LENGTH DATA ELEMENTS--GENERAL INFORMATION | |
| fixed length control field | 860630s1963 njua b 000 0 eng |
| 010 ## - LIBRARY OF CONGRESS CONTROL NUMBER | |
| LC control number | 63014716 |
| 035 ## - SYSTEM CONTROL NUMBER | |
| System control number | (OCoLC)13803858 |
| 040 ## - CATALOGING SOURCE | |
| Original cataloging agency | DLC |
| Transcribing agency | CO-JMCR |
| 041 0# - LANGUAGE CODE | |
| Language code of text/sound track or separate title | eng |
| 082 04 - DEWEY DECIMAL CLASSIFICATION NUMBER | |
| Classification number | 332.10973 / |
| Item number | H823p |
| Edition number | 23 |
| 100 1# - MAIN ENTRY--PERSONAL NAME | |
| Personal name | Horvitz, Paul M., |
| Relator term | autor |
| 9 (RLIN) | 38813 |
| 245 00 - TITLE STATEMENT | |
| Title | Private financial institutions; |
| Remainder of title | a series of research studies prepared for the Commission on Money and Credit. |
| Statement of responsibility, etc. | Paul M. Horvitz |
| 260 ## - PUBLICATION, DISTRIBUTION, ETC. | |
| Place of publication, distribution, etc. | Englewood Cliffs, N.J., : |
| Name of publisher, distributor, etc. | Prentice-Hall, |
| Date of publication, distribution, etc. | [1963] |
| 300 ## - PHYSICAL DESCRIPTION | |
| Extent | 460 paginas : |
| Other physical details | ilustraciones y gráficas en blanco y negro ; |
| Dimensions | 24 cm. |
| 490 0# - SERIES STATEMENT | |
| Series statement | The Library of Money and credit. |
| -- | Monetary and fiscal policy |
| 504 ## - BIBLIOGRAPHY, ETC. NOTE | |
| Bibliography, etc. note | Includes bibliographical references. |
| 505 0# - FORMATTED CONTENTS NOTE | |
| Title | Economies of scale in banking. / |
| Statement of responsibility | P. M. Horvitz. -- |
| Title | The structure of competition in commercial banking in the United States. / |
| Statement of responsibility | Deane Carson and P. H. Cootner. -- |
| Title | Portfolio regulations and policies of financial intermediaries. / |
| Statement of responsibility | Thomas G. Gies. -- |
| Title | Market shares and competition among financial institutions. / |
| Statement of responsibility | Lawrence. L. Werboff. -- |
| Title | A new look at foreign and international banking in the United States. / |
| Statement of responsibility | Fred H. Klopstock. -- |
| Title | The impact of Federal taxation on the flow of personal savings through investment intermediaries |
| Statement of responsibility | E. Gordon Keith. |
| 650 14 - SUBJECT ADDED ENTRY--TOPICAL TERM | |
| Topical term or geographic name entry element | Banks and banking |
| Geographic subdivision | United States. |
| 9 (RLIN) | 38669 |
| 650 24 - SUBJECT ADDED ENTRY--TOPICAL TERM | |
| Topical term or geographic name entry element | Finance |
| Geographic subdivision | United States. |
| 9 (RLIN) | 38814 |
| 942 ## - ADDED ENTRY ELEMENTS (KOHA) | |
| Source of classification or shelving scheme | Dewey Decimal Classification |
| Koha item type | Books |
| Withdrawn status | Lost status | Source of classification or shelving scheme | Damaged status | Not for loan | Home library | Current library | Shelving location | Date acquired | Source of acquisition | Full call number | Barcode | Date last seen | Copy number | Price effective from | Koha item type |
|---|---|---|---|---|---|---|---|---|---|---|---|---|---|---|---|
| Dewey Decimal Classification | Biblioteca Pública José María del Castillo y Rada | Biblioteca Pública José María del Castillo y Rada | General Stacks | 04/15/2018 | Donación | 332.10973 / H823p | 430002377 | 05/16/2024 | Ej.1 | 03/10/2021 | Books |